| 000 | 01160nam a2200217Ia 4500 | ||
|---|---|---|---|
| 003 | Ost | ||
| 005 | 20260507075249.0 | ||
| 008 | 260507s9999||||xx |||||||||||||| ||und|| | ||
| 040 | _cfsecg | ||
| 041 | _aara | ||
| 082 | _a330 | ||
| 100 |
_aبلقاوي، احمد رياحي _eمؤلف |
||
| 245 | 0 |
_aنظرية محاسبية / _c احمد رياحي بلقاوي |
|
| 260 |
_aعمان: _bدار اليازوري, _c2009 |
||
| 300 |
_a462 صفحة؛ _bإيضاحات ؛ _c24 سم |
||
| 504 | _aالمراجع ص.439(اقتناءات 2014 3ن) | ||
| 520 | _aتاريخ المحاسبة و تطورها ، طبيعتها و استخداماتها ، المداخل التقليدية لصياغة النظرية المحاسبية ، المدخل التوجيهي المركزي لصياغة هذه النظرية ، الاطار الفكري للمحاسبة و الابلاغ المالي ، هيطل النظرية المحاسبية ، الانصاف و الافصاح و الاتجاهات المستقبلية في المحاسبة . | ||
| 653 | _aالمحاسبة | ||
| 700 |
_aرياض، عبد الله _eمؤلف ثانوي |
||
| 942 | _cكتاب | ||
| 999 |
_c43678 _d43678 |
||